Sculptures in Bangladesh : an inventory of select Hindu, Buddhist, and Jain stone and bronze images in museums and collections of Bangladesh (up to the 13th century) : 547 plates with 91 in colour /

Библиографические подробности
Соавтор: International Centre for Study of Bengal Art
Другие авторы: Haque, Enamul, 1936-, Gail, Adalbert J.
Формат:
Язык:English
Опубликовано: Dhaka : International Centre for Study of Bengal Art, 2008.
Серии:Studies in Bengal art series ; no. 8
Предметы:
Classic Catalogue: View this record in Classic Catalogue
LEADER 02107nam a2200349 a 4500
001 0017531
003 BD-DhAAL
008 090803s2008 bg ab b 001 0 eng d
010 |a  2008419200 
020 |a 9843000023204 
040 |a DLC  |c DLC  |d BD-DhAAL 
082 0 0 |a 732.4   |2 19 
245 0 0 |a Sculptures in Bangladesh :  |b an inventory of select Hindu, Buddhist, and Jain stone and bronze images in museums and collections of Bangladesh (up to the 13th century) : 547 plates with 91 in colour /  |c editors, Enamul Haque & Adalbert J. Gail ; compilers, Enamul Haque ... [et al.]. 
260 |a Dhaka :  |b International Centre for Study of Bengal Art,  |c 2008. 
300 |a 16, 610 p. :  |b ill. (some col.), map ;  |c 30 cm 
490 0 |a Studies in Bengal art series ;  |v no. 8 
500 |a "Dedicated to Bangladesh-German friendship"--Prelim. p. 5. 
504 |a Includes bibliographical references (pages [581]-604) and index. 
526 |a ARC  |x Md. Shajjad Hossain, Faculty members of the Department of Architecture 
541 1 |e 0017531  |a The International Centre for Study of Bengal ART (ICSBA) 
650 0 |a Sculpture  |z Bangladesh.  |9 25190 
650 0 |a Sculpture, Hindu  |z Bangladesh.  |9 25191 
650 0 |a Buddhist sculpture  |z Bangladesh.  |9 25192 
650 0 |a Jaina sculpture   |z Bangladesh.  |9 25193 
700 1 |a Haque, Enamul,  |d 1936-  |9 25194 
700 1 |a Gail, Adalbert J.  |9 25195 
710 2 |a International Centre for Study of Bengal Art.  |9 25196 
852 4 |a Ayesha Abed Library   |c General Stacks 
942 |2 ddc  |c BK 
999 |c 3250  |d 3250 
952 |0 0  |1 0  |2 ddc  |4 0  |6 732_400000000000000_SCU  |7 0  |9 2943  |a BRACUL  |b BRACUL  |c GEN  |d 2009-08-31  |e The International Centre for Study of Bengal ART (ICSBA)  |g 4000.00  |l 1  |o 732.4 SCU  |p 3010017531  |r 2017-01-10  |s 2017-01-10  |t 1  |w 2009-08-31  |y BK  |x Requisitioned by Md. Shajjad Hossain (Faculty members of the Department of Architecture). 
952 |0 0  |1 0  |2 ddc  |4 0  |6 732_400000000000000_SCU  |7 0  |9 62982  |a BRACUL  |b BRACUL  |c GEN  |d 2018-03-20  |e Complimentary copy from the International Centre for Study of Bengal Art.  |l 2  |m 1  |o 732.4 SCU  |p 3010032774  |q 2025-07-17  |r 2025-02-19  |s 2025-02-19  |t 2  |w 2018-03-20  |y BK